La magia de lo permanente : (Registro nro. 8107)

Detalles MARC
000 -LEADER
fixed length control field 00904nam a2200277 a 4500
001 - CONTROL NUMBER
control field 000009736
003 - CONTROL NUMBER IDENTIFIER
control field DO-SdBNP
005 - DATE AND TIME OF LATEST TRANSACTION
control field 20170925133959.0
007 - PHYSICAL DESCRIPTION FIXED FIELD--GENERAL INFORMATION
fixed length control field 000009736
008 - FIXED-LENGTH DATA ELEMENTS--GENERAL INFORMATION
fixed length control field 091001s2001 dr ac 000 0 spa d
020 ## - INTERNATIONAL STANDARD BOOK NUMBER
International Standard Book Number 9993483931
040 ## - CATALOGING SOURCE
Original cataloging agency BPMSU
Language of cataloging spa
Transcribing agency BPMSU
082 #4 - DEWEY DECIMAL CLASSIFICATION NUMBER
Classification number RD861.44
Item number C117m
100 1# - MAIN ENTRY--PERSONAL NAME
Personal name Cabral, Manuel del,
Dates associated with a name 1907-
245 13 - TITLE STATEMENT
Title La magia de lo permanente :
Remainder of title antología poética de Manuel del Cabral /
Statement of responsibility, etc. Tomás Castro Burdiez, compilador.
260 ## - PUBLICATION, DISTRIBUTION, ETC. (IMPRINT)
Place of publication, distribution, etc. Santo Domingo :
Name of publisher, distributor, etc. Ciguapa,
Date of publication, distribution, etc. 2001.
300 ## - PHYSICAL DESCRIPTION
Extent 244 p. :
Other physical details il., retr. ;
Dimensions 22 cm.
600 14 - SUBJECT ADDED ENTRY--PERSONAL NAME
Personal name CABRAL, MANUEL DEL,
Dates associated with a name 1907-
General subdivision CRÍTICA E INTERPRETACIÓN
650 #4 - SUBJECT ADDED ENTRY--TOPICAL TERM
Topical term or geographic name as entry element POESÍA DOMINICANA
650 #4 - SUBJECT ADDED ENTRY--TOPICAL TERM
Topical term or geographic name as entry element LITERATURA DOMINICANA
700 12 - ADDED ENTRY--PERSONAL NAME
Personal name Castro, Tomás,
Dates associated with a name 1959-
910 ## - USER-OPTION DATA (OCLC)
User-option data Validado. Control de calidad MFF
942 ## - ADDED ENTRY ELEMENTS (KOHA)
Source of classification or shelving scheme Dewey Decimal Classification
Koha item type Libros
945 ## - LOCAL PROCESSING INFORMATION (OCLC)
a Inventatariado / 2017 VM
956 ## - LOCAL ELECTRONIC LOCATION AND ACCESS (OCLC)
Host name VMATEO
Access number 10
Compression information 20150806
Logon BPMSU
Processor of request 00151
Existencias
Withdrawn status Lost status Source of classification or shelving scheme Damaged status Not for loan Collection code Home library Current library Date acquired Source of acquisition Total Checkouts Full call number Barcode Date last seen Price effective from Koha item type Copy number
    Dewey Decimal Classification     Colección Dominicana Biblioteca Pública Metropolitana Salomé Ureña Biblioteca Pública Metropolitana Salomé Ureña 08/06/2015 Compra   RD861.44 C117m BPMSU15080143 08/06/2015 08/06/2015 Libros  
    Dewey Decimal Classification     Colección Dominicana Biblioteca Pública Metropolitana Salomé Ureña Biblioteca Pública Metropolitana Salomé Ureña 08/06/2015 Compra   RD861.44 C117m BPMSU15080144 08/06/2015 08/06/2015 Libros e. 2